| 000 | 00440nam a2200181Ia 4500 | ||
|---|---|---|---|
| 003 | OSt | ||
| 005 | 20220107122559.0 | ||
| 008 | 130318s9999 xx 000 0 und d | ||
| 020 | _a8173662517 | ||
| 040 | _c | ||
| 082 | _a006.5 KNU/M | ||
| 100 |
_aHacker, Scot _97544 |
||
| 245 | _aMP3 :The definitive guide | ||
| 260 |
_bOreilly/Shroff Publishers and Distributors _aMumbai _c2000 |
||
| 300 | _a388 | ||
| 650 |
_aMP3 _97545 |
||
| 942 |
_2ddc _cBK |
||
| 999 |
_c90 _d90 |
||